[Event "1. Lovsprings EMT Mesterklassen"]
[Site "Ringsted"]
[Date "1989.06.09"]
[Round "7"]
[White "Olsen, Nils Linde"]
[Black "Sivertsen, Palle"]
[Result "0-1"]
[WhiteElo "2158"]
[BlackElo "2110"]
[PlyCount "110"]
[EventDate "1989.??.??"]

1. d4 f5 2. e4 fxe4 3. Nc3 Nf6 4. Bg5 e6 5. Nxe4 Be7 6. Bxf6 Bxf6 7. Nf3 O-O 8.
Bd3 b6 9. Qe2 Bb7 10. O-O Nc6 11. c3 Qe8 12. Rae1 Ne7 13. Ne5 Bxe5 14. dxe5 Ng6
15. Ng5 h6 16. Nh3 Nf4 17. Nxf4 Rxf4 18. g3 Ra4 19. b3 Ra3 20. Rd1 Qf8 21. Rd2
Qc5 22. Be4 Bxe4 23. Qxe4 Rf8 24. c4 Qa5 25. Qe2 Rf5 26. f4 Qc5+ 27. Qf2 Qc6
28. Qd4 Rf7 29. Rfd1 Kf8 30. Re2 a5 31. Qe4 Qxe4 32. Rxe4 Rxa2 33. g4 Rb2 34.
Rd3 g6 35. Red4 Ke8 36. c5 bxc5 37. Ra4 g5 38. fxg5 hxg5 39. Rxa5 Rf4 40. h3
Rff2 41. Rxc5 c6 42. Re3 Rfe2 43. Rxe2 Rxe2 44. b4 Rb2 45. Rc4 Rd2 46. Rc5 Ke7
47. Rc4 Re2 48. Rc5 Rd2 49. Rc4 Rd5 50. Rc5 Rd4 51. b5 cxb5 52. Rxb5 Rd5 53.
Rxd5 exd5 54. Kg2 Ke6 55. Kg3 d4 0-1

[Event "1. Lovsprings EMT Mesterklassen"]
[Site "Ringsted"]
[Date "1989.06.09"]
[Round "7"]
[White "Andreasen, Jens"]
[Black "Preuss, Flemming"]
[Result "1/2-1/2"]
[WhiteElo "2024"]
[BlackElo "2043"]
[PlyCount "95"]
[EventDate "1989.??.??"]

1. d4 c5 2. dxc5 e6 3. c4 Bxc5 4. e3 d5 5. Nf3 Nc6 6. Nc3 Nf6 7. cxd5 exd5 8.
Be2 O-O 9. O-O a6 10. b3 b5 11. Bb2 Bb7 12. Rc1 Qd6 13. Bd3 Rad8 14. Ne2 Ba7
15. Ned4 Ne7 16. Nf5 Nxf5 17. Bxf5 Rfe8 18. Bd4 Bxd4 19. Nxd4 g6 20. Bd3 Ne4
21. Qc2 Rc8 22. Qb2 b4 23. Bxe4 dxe4 24. Rxc8 Rxc8 25. Rc1 Rc5 26. Rxc5 Qxc5
27. h3 a5 28. Qc2 Qxc2 29. Nxc2 Ba6 30. Nd4 Bd3 31. Nc6 Bb1 32. Nxa5 Bxa2 33.
Kf1 Bb1 34. Ke1 Bd3 35. Nc6 Bc2 36. Nd4 Bd3 37. g3 g5 38. Kd2 Kg7 39. Nc6 Bf1
40. h4 gxh4 41. gxh4 Kh6 42. Nxb4 Kh5 43. Nd5 Kxh4 44. Nf6 h5 45. Nxe4 Kg4 46.
Nf6+ Kg5 47. Ne4+ Kg4 48. Nf6+ 1/2-1/2